<?xml version="1.0" encoding="UTF-8"?>
<record
    xmlns:xsi="http://www.w3.org/2001/XMLSchema-instance"
    xsi:schemaLocation="http://www.loc.gov/MARC21/slim http://www.loc.gov/standards/marcxml/schema/MARC21slim.xsd"
    xmlns="http://www.loc.gov/MARC21/slim">

  <leader>00321nam a22001337a 4500</leader>
  <controlfield tag="005">20220929135538.0</controlfield>
  <controlfield tag="008">220929b        |||||||| |||| 00| 0 eng d</controlfield>
  <datafield tag="020" ind1=" " ind2=" ">
    <subfield code="a">978178646658</subfield>
  </datafield>
  <datafield tag="100" ind1=" " ind2=" ">
    <subfield code="a">Kurniawan,A.</subfield>
    <subfield code="9">96282</subfield>
  </datafield>
  <datafield tag="245" ind1=" " ind2=" ">
    <subfield code="a">Smart internet of Things</subfield>
  </datafield>
  <datafield tag="260" ind1=" " ind2=" ">
    <subfield code="a">Mumbai</subfield>
    <subfield code="b">Packt</subfield>
    <subfield code="c">2016</subfield>
  </datafield>
  <datafield tag="300" ind1=" " ind2=" ">
    <subfield code="a">pp.240</subfield>
  </datafield>
  <datafield tag="942" ind1=" " ind2=" ">
    <subfield code="c">BK</subfield>
  </datafield>
  <datafield tag="999" ind1=" " ind2=" ">
    <subfield code="c">60636</subfield>
    <subfield code="d">60636</subfield>
  </datafield>
  <datafield tag="952" ind1=" " ind2=" ">
    <subfield code="0">0</subfield>
    <subfield code="1">0</subfield>
    <subfield code="2">ddc</subfield>
    <subfield code="4">0</subfield>
    <subfield code="7">0</subfield>
    <subfield code="a">001</subfield>
    <subfield code="b">001</subfield>
    <subfield code="d">2022-07-25</subfield>
    <subfield code="e">Vaibhav Book House,Pune</subfield>
    <subfield code="g">2183.22</subfield>
    <subfield code="i">478</subfield>
    <subfield code="l">1</subfield>
    <subfield code="p">KBJP-BK-2136</subfield>
    <subfield code="r">2023-01-31 00:00:00</subfield>
    <subfield code="s">2023-01-31</subfield>
    <subfield code="t">22%</subfield>
    <subfield code="v">2799.00</subfield>
    <subfield code="w">2022-07-25</subfield>
    <subfield code="y">BK</subfield>
    <subfield code="z">2136</subfield>
  </datafield>
  <datafield tag="952" ind1=" " ind2=" ">
    <subfield code="0">0</subfield>
    <subfield code="1">0</subfield>
    <subfield code="2">ddc</subfield>
    <subfield code="4">0</subfield>
    <subfield code="7">0</subfield>
    <subfield code="a">001</subfield>
    <subfield code="b">001</subfield>
    <subfield code="d">2022-07-25</subfield>
    <subfield code="e">Vaibhav Book House,Pune</subfield>
    <subfield code="g">2183.22</subfield>
    <subfield code="i">478</subfield>
    <subfield code="l">1</subfield>
    <subfield code="p">KBJP-BK-2137</subfield>
    <subfield code="r">2023-01-11 00:00:00</subfield>
    <subfield code="s">2023-01-04</subfield>
    <subfield code="t">22%</subfield>
    <subfield code="v">2799.00</subfield>
    <subfield code="w">2022-07-25</subfield>
    <subfield code="y">BK</subfield>
    <subfield code="z">2137</subfield>
  </datafield>
</record>
